Autos '81. Konference Automatizace ve válcovenství a tváření. 2. díl /

Saved in:
Bibliographic Details
Main Author: Jirkovský, František
Format: Book
Language:Czech
Published: Plzeň : ČSVTS Škoda, 1981
Subjects:
Online Access: Get full text
Tags: Add Tag
No Tags, Be the first to tag this record!

MARC

LEADER 00000nam a2200000 4500
003 SK-BrCVT
005 20220617205235.0
008 010204s1981 cs e ||||||cze d
035 |a CVTIDW0957389 
040 |b slo  |a CVTI SR 
041 0 |a cze 
044 |a cs 
080 |a 621.7-52  |2 UDC-MRF 
080 |a 621.771-52  |2 UDC-MRF 
100 1 |a Jirkovský, František 
245 1 0 |a Autos '81. Konference Automatizace ve válcovenství a tváření. 2. díl /  |c Autoři: František Jirkovský a kol. 
260 |a Plzeň :  |b ČSVTS Škoda,  |c 1981 
300 |a S. 240 - 476. 
653 1 |a tvárnenie 
910 |b A420531 
974 |f Knihy 
992 |a AZN 
999 |c 120721  |d 120721